000 00582nam a22002177a 4500
005 20260505124832.0
008 260505b |||||||| |||| 00| 0 eng d
020 _a978-0-323-79018-5
082 _a616.07
_bKUM-R
100 _aKumar; Vinay
245 _aRobbins & Kumar Basic Pathology/
250 _a11th.ed
260 _aPakistan:
_bZubair Book Depot ;
_c2023.
300 _aix, 828p. ill.;28cm
500 _aInclude Index.
650 _aMedical / Pathology.
700 _aAbbas, Abul K.,
700 _aAster, Jon C.,
700 _aDeyrup, Andrea T.,
999 _c37175
_d37175